00151nam a2200061Ia 4500008004100000100002100041245002700062120527s9999 xx 000 0 und d aSaner, Gayle, N. aBiology: Life on earth